000 00436 a2200169 4500
999 _c12664
_d12664
003 OSt
005 20240711194414.0
008 240711b ||||| |||| 00| 0 eng d
020 _a9783035604672
082 _a[712]
100 _aAstrid Zimmermann(ED.)
245 _aConstructing Landscape: Materials, Techniques, Structural Components
250 _a3rd edition
260 _bBirkhäuser;
_c2015
300 _a533p;
942 _2ddc